[Event "Sparkassen-Open A"]
[Site "Heusenstamm, Martinsee"]
[Date "2018.11.22"]
[Round "1.81"]
[White "Olesiak, Marcin"]
[Black "Meyer, Marcel"]
[Result "0-1"]
[WhiteElo "2043"]
[BlackElo "1811"]
[PlyCount "82"]
[EventDate "2018.??.??"]
[WhiteTeam "SV Oberursel"]
[BlackTeam "SC Herborn"]

1. e4 c6 2. d4 d5 3. exd5 cxd5 4. Bd3 Nf6 5. c3 Bg4 6. Qb3 Qc8 7. Bf4 Nc6 8.
Nd2 e6 9. h3 Bh5 10. Ngf3 Be7 11. Ne5 O-O 12. O-O Nd7 13. Ndf3 Bg6 14. Bxg6
hxg6 15. Rfe1 a6 16. a4 Na5 17. Qd1 Nc4 18. Nxc4 Qxc4 19. Nd2 Qc6 20. a5 Rfc8
21. Re3 b5 22. h4 b4 23. h5 g5 24. Bh2 Nf6 25. Nf3 Ne4 26. Ne5 Qb5 27. c4 Qb7
28. c5 Bd8 29. Qa4 Bf6 30. Rb3 Rab8 31. Nd7 Bxd4 32. Nxb8 Bxf2+ 33. Kh1 Bxc5
34. Rf3 g4 35. Rff1 Nf2+ 36. Rxf2 Bxf2 37. Nd7 g3 38. Bg1 Qc7 39. Nb6 Qf4 40.
Bxf2 gxf2 41. g3 Qxg3 0-1

[Event "Sparkassen-Open A"]
[Site "Heusenstamm, Martinsee"]
[Date "2018.11.22"]
[Round "1.82"]
[White "Bunjaku, Lulzim"]
[Black "Dickel, Jens"]
[Result "0-1"]
[WhiteElo "1807"]
[BlackElo "2077"]
[PlyCount "55"]
[EventDate "2018.??.??"]
[WhiteTeam "SC Heusenstamm"]
[BlackTeam "SV Kreuztal"]

1. e4 c6 2. b3 d5 3. exd5 cxd5 4. Bb2 Nc6 5. Bb5 Nf6 6. Bxf6 exf6 7. Ne2 Bd6 8.
O-O O-O 9. Bxc6 bxc6 10. Ng3 f5 11. f4 g6 12. d4 a5 13. Nd2 Ba6 14. Rf2 c5 15.
c3 Qb6 16. Ndf1 Rfe8 17. Qd2 cxd4 18. cxd4 Bb4 19. Qb2 Rac8 20. Rf3 h5 21. Rd1
h4 22. a3 Bf8 23. Nxf5 gxf5 24. Ne3 Qe6 25. Qb1 Be2 26. Rh3 Bxd1 27. Qxd1 Bg7
28. Rg3 0-1

[Event "Sparkassen-Open A"]
[Site "Heusenstamm, Martinsee"]
[Date "2018.11.22"]
[Round "1.83"]
[White "Hinrichs, Hans-Uwe"]
[Black "Hegel, Christoph"]
[Result "1-0"]
[WhiteElo "2075"]
[BlackElo "1803"]
[PlyCount "63"]
[EventDate "2018.??.??"]
[WhiteTeam "SK Bingen"]
[BlackTeam "SC Peiting"]

1. Nc3 c5 2. e4 Nc6 3. g3 g6 4. Bg2 Bg7 5. d3 a6 6. Nh3 b5 7. O-O e6 8. Be3 d6
9. Qd2 Nge7 10. Bh6 O-O 11. Rae1 d5 12. Bxg7 Kxg7 13. f4 b4 14. Na4 dxe4 15.
Bxe4 c4 16. Qg2 Qd4+ 17. Nf2 Bb7 18. c3 bxc3 19. bxc3 Qa7 20. d4 Rfd8 21. Nc5
Nd5 22. Bxd5 Rxd5 23. Ng4 Rb8 24. Rb1 Ba8 25. Rxb8 Qxb8 26. Qe2 Qb5 27. h3 Na5
28. Ne5 Rd8 29. Nxf7 Qc6 30. Nxe6+ Kg8 31. Nh6+ Kh8 32. Qe5# 1-0

[Event "Sparkassen-Open A"]
[Site "Heusenstamm, Martinsee"]
[Date "2018.11.22"]
[Round "1.84"]
[White "Berkes, JÃ¶rg"]
[Black "StÃ¼mer, Paul"]
[Result "0-1"]
[WhiteElo "1798"]
[BlackElo "2074"]
[PlyCount "70"]
[EventDate "2018.??.??"]
[WhiteTeam "SK Langen"]
[BlackTeam "SV Bergneustadt/Derschlag"]

1. Nf3 c5 2. g3 Nc6 3. e4 g6 4. c3 Bg7 5. Bg2 d6 6. O-O Nf6 7. Qe2 O-O 8. h3 e5
9. d3 Rb8 10. Be3 b6 11. Qd2 Re8 12. Na3 Bb7 13. Rad1 d5 14. Qc1 Qe7 15. Nh2 d4
16. Bg5 Qf8 17. f4 Nh5 18. Rf3 exf4 19. gxf4 f5 20. e5 Ne7 21. Rf2 Bxg2 22.
Rxg2 Nd5 23. cxd4 cxd4 24. Qc4 Qf7 25. Qxd4 h6 26. Nc4 hxg5 27. Nd6 Qe6 28.
Nxe8 Rxe8 29. Nf3 Nhxf4 30. Nxg5 Qc6 31. Qf2 Ne3 32. Rh2 Nxd1 33. Qxf4 Bxe5 34.
Qd2 Bd4+ 35. Kf1 Ne3+ 0-1

[Event "Sparkassen-Open A"]
[Site "Heusenstamm, Martinsee"]
[Date "2018.11.22"]
[Round "1.85"]
[White "Lesny, Florian"]
[Black "FrÃ¶hlich-Dill, Astrid"]
[Result "1-0"]
[WhiteElo "2067"]
[BlackElo "1796"]
[PlyCount "95"]
[EventDate "2018.??.??"]
[WhiteTeam "SK Niederbrechen"]
[BlackTeam "SV Hofheim"]

1. e4 c5 2. Nf3 Nc6 3. d4 cxd4 4. Nxd4 Nf6 5. Nc3 e6 6. Be3 a6 7. Bd3 Bb4 8.
O-O Bxc3 9. bxc3 O-O 10. f4 e5 11. Nxc6 dxc6 12. f5 h6 13. g4 Nh7 14. Qe1 b5
15. Qg3 f6 16. h4 Qe7 17. Qf2 Qf7 18. a4 Bd7 19. Bc5 Rfc8 20. Kg2 g6 21. Rg1
Kh8 22. Be3 Rg8 23. Kh1 g5 24. Rg2 Rg7 25. Rh2 Kg8 26. hxg5 hxg5 27. Qe2 Qe8
28. Bc5 Nf8 29. Kg2 Rh7 30. Kf3 Rxh2 31. Qxh2 Qf7 32. Rh1 Qg7 33. Qe2 Be8 34.
Ra1 Nd7 35. Be3 Nf8 36. axb5 cxb5 37. c4 Qh7 38. Kg2 Bc6 39. cxb5 axb5 40. Rxa8
Bxa8 41. Bc5 Qb7 42. c3 Nd7 43. Qa2+ Kg7 44. Bd6 Nb6 45. Qe6 Nc4 46. Be7 Qc6
47. Bxf6+ Kh6 48. Qe7 1-0

[Event "Sparkassen-Open A"]
[Site "Heusenstamm, Martinsee"]
[Date "2018.11.22"]
[Round "1.86"]
[White "Weiland, Thomas"]
[Black "Harringer, Manfred"]
[Result "1/2-1/2"]
[WhiteElo "1796"]
[BlackElo "2038"]
[PlyCount "140"]
[EventDate "2018.??.??"]
[WhiteTeam "SV Oberursel"]
[BlackTeam "Bergische SF"]

1. c4 Nf6 2. Nc3 e6 3. g3 d5 4. cxd5 exd5 5. Nf3 Bd6 6. Bg2 O-O 7. d4 c6 8. O-O
h6 9. Re1 Bf5 10. Nh4 Bh7 11. e4 dxe4 12. Nxe4 Nxe4 13. Bxe4 Bxe4 14. Rxe4 Qf6
15. Qg4 Na6 16. Bd2 Nb4 17. Nf5 Kh7 18. Nxd6 Qxd6 19. Qf5+ Kh8 20. Bf4 Qd5 21.
Qxd5 Nxd5 22. Rae1 Rad8 23. Bd2 Rd7 24. Bc3 Kg8 25. Kg2 f6 26. R1e2 Kf7 27. Re1
Rfd8 28. Ba5 Rc8 29. R1e2 Re7 30. Rxe7+ Nxe7 31. Bc3 Nd5 32. Bd2 Rc7 33. a3 Re7
34. Be3 f5 35. Kf1 g5 36. Bd2 Kf6 37. Rxe7 Nxe7 38. h3 h5 39. Ke2 Nd5 40. f4 g4
41. h4 Ke6 42. Kd3 Nb6 43. b3 Kd5 44. Be1 Nd7 45. Bf2 Nf6 46. Be1 Ne4 47. Ke3
Nd6 48. a4 Ne4 49. Kd3 a6 50. a5 Nd6 51. Bb4 Nb5 52. Bc5 Nc7 53. Bb4 Ne6 54.
Bc3 c5 55. Bb2 cxd4 56. b4 Nc7 57. Bxd4 Nb5 58. Be5 Na3 59. Bb2 Nc4 60. Bd4 Nd6
61. Bf2 Nc4 62. Bd4 Na3 63. Bb2 Nb5 64. Be5 Na7 65. Bc3 Nc6 66. Bd2 Nd4 67. Be3
Nb5 68. Bc5 Na3 69. Bf2 Nc4 70. Bd4 Nd6 1/2-1/2

[Event "Sparkassen-Open A"]
[Site "Heusenstamm, Martinsee"]
[Date "2018.11.22"]
[Round "1.87"]
[White "Foermes, Alexander"]
[Black "Mohr, Thomas"]
[Result "1-0"]
[WhiteElo "2061"]
[BlackElo "1778"]
[PlyCount "91"]
[EventDate "2018.??.??"]
[WhiteTeam "SK Marburg"]
[BlackTeam "SC FK Babenhausen"]

1. d4 f5 2. Bf4 Nf6 3. e3 e6 4. Be2 Nc6 5. Nf3 Be7 6. h3 d6 7. O-O O-O 8. c4 b6
9. Nc3 Nb8 10. Bh2 Ne4 11. Nxe4 fxe4 12. Nd2 d5 13. Qb3 Bd6 14. Bxd6 Qxd6 15.
cxd5 exd5 16. Nxe4 Qd8 17. Ng3 Kh8 18. Rac1 c6 19. Bd3 Bb7 20. Qc2 h6 21. Ne2
Rf6 22. Nf4 Qd6 23. Ng6+ Kg8 24. Ne5 Nd7 25. f4 Qe7 26. Bh7+ Kh8 27. Ng6+ Rxg6
28. Bxg6 Qxe3+ 29. Qf2 Qe6 30. Bd3 c5 31. Rfe1 Qf6 32. Bb5 Nf8 33. f5 a6 34.
Bd3 c4 35. Bf1 Bc6 36. g4 a5 37. Bg2 b5 38. Re5 Rd8 39. Rce1 b4 40. Re6 Nxe6
41. Rxe6 Qg5 42. Rxc6 Qc1+ 43. Kh2 a4 44. f6 Rf8 45. fxg7+ Kxg7 46. Rc7+ 1-0

[Event "Sparkassen-Open A"]
[Site "Heusenstamm, Martinsee"]
[Date "2018.11.22"]
[Round "1.88"]
[White "Spelleken, Hans-Gerd"]
[Black "SurÃ¡nyi, PÃ¡l"]
[Result "0-1"]
[WhiteElo "1792"]
[BlackElo "2061"]
[PlyCount "52"]
[EventDate "2018.??.??"]
[WhiteTeam "SC Kahl"]
[BlackTeam "SC Remagen-Sinzig"]

1. Nf3 Nf6 2. d4 e6 3. Nbd2 c5 4. e4 cxd4 5. Nxd4 d5 6. e5 Nfd7 7. N2f3 Nc6 8.
Bb5 Qc7 9. Bf4 a6 10. Nxc6 bxc6 11. Bd3 Rb8 12. Qc1 h6 13. c3 g5 14. Bg3 g4 15.
Nd4 c5 16. Nxe6 fxe6 17. Bg6+ Kd8 18. Qf4 Be7 19. O-O h5 20. Qf7 h4 21. Qxe6
hxg3 22. fxg3 Qxe5 23. Qxg4 Qe3+ 24. Kh1 Ne5 25. Qd1 Rxh2+ 26. Kxh2 Ng4+ 0-1

[Event "Sparkassen-Open A"]
[Site "Heusenstamm, Martinsee"]
[Date "2018.11.22"]
[Round "1.89"]
[White "Vlassis, Georgios"]
[Black "Steinke, Hans-JÃ¶rg"]
[Result "1-0"]
[WhiteElo "2053"]
[BlackElo "1791"]
[PlyCount "99"]
[EventDate "2018.??.??"]
[WhiteTeam "CCS of Thessaloniki"]
[BlackTeam "SV Datteln"]

1. Nf3 Nf6 2. d4 d5 3. e3 e6 4. Bd3 c5 5. b3 Nc6 6. O-O Bd6 7. Bb2 O-O 8. Nbd2
cxd4 9. exd4 Bd7 10. a3 Qc7 11. Qe2 Bf4 12. Ne5 Rfd8 13. Ndf3 Rac8 14. g3 Bxe5
15. Nxe5 Nxe5 16. dxe5 Ne4 17. Qe3 Nc5 18. Be2 Be8 19. Bd4 b6 20. Rfc1 Qe7 21.
h4 Nd7 22. a4 Nc5 23. a5 Ra8 24. Kg2 Rdc8 25. h5 h6 26. b4 Nd7 27. c3 Qd8 28.
Bd3 Qc7 29. f4 bxa5 30. Rxa5 Nb6 31. Rc5 Qb7 32. Rxc8 Rxc8 33. Ra1 Rc7 34. Qf3
Qc6 35. g4 Bd7 36. g5 hxg5 37. fxg5 Be8 38. Rf1 Qd7 39. h6 Qe7 40. Qf4 Nd7 41.
hxg7 Kxg7 42. Qf6+ Qxf6 43. gxf6+ Kg8 44. Kf3 Nf8 45. Ra1 Ng6 46. Kg4 Rb7 47.
Kg5 Rc7 48. Ra6 Rb7 49. Bxg6 fxg6 50. Rxe6 1-0

[Event "Sparkassen-Open A"]
[Site "Heusenstamm, Martinsee"]
[Date "2018.11.22"]
[Round "1.90"]
[White "Jordake, Michael"]
[Black "Oparaugo, Thomas"]
[Result "0-1"]
[WhiteElo "1790"]
[BlackElo "2052"]
[PlyCount "114"]
[EventDate "2018.??.??"]
[WhiteTeam "SC Bergen-Enkheim"]
[BlackTeam "SV Oberursel"]

1. Nc3 e5 2. Nf3 Nc6 3. d4 exd4 4. Nxd4 Bc5 5. Nf3 Nf6 6. Bg5 h6 7. Bf4 d6 8.
h3 Bf5 9. e3 a6 10. Bd3 Qd7 11. a3 O-O-O 12. Bxf5 Qxf5 13. Qd3 Qd7 14. O-O-O
Rhe8 15. Bg3 d5 16. Nd4 Bxd4 17. exd4 Ne4 18. Rhf1 Nxg3 19. fxg3 g6 20. Qf3 f5
21. Qd3 Qg7 22. Rd2 Re7 23. Re2 Rxe2 24. Nxe2 Re8 25. c3 Na5 26. Nf4 Qf7 27.
Qf3 Re4 28. Nd3 Nc4 29. Re1 Qe7 30. Qf2 Qg5+ 31. Nf4 c6 32. Kc2 Qf6 33. Nd3 Qe7
34. Rxe4 Qxe4 35. Qf3 Ne3+ 36. Kd2 Nxg2 37. Qxe4 dxe4 38. Ne5 g5 39. Nf7 Kd7
40. Ke2 f4 41. Kf2 Ne3 42. gxf4 gxf4 43. Ke2 Nc4 44. Nxh6 Ke6 45. h4 Nxb2 46.
h5 Nc4 47. Ng4 Nxa3 48. Ne5 Kf6 49. h6 Nb5 50. Kd2 f3 51. Ng4+ Kg6 52. h7 Kg7
53. Nf6 Nd6 54. Ke3 a5 55. d5 a4 56. dxc6 bxc6 57. Nd7 Nb7 0-1

[Event "Sparkassen-Open A"]
[Site "Heusenstamm, Martinsee"]
[Date "2018.11.22"]
[Round "1.91"]
[White "Bordin, Igor"]
[Black "Merges, Harald"]
[Result "1-0"]
[WhiteElo "2051"]
[BlackElo "1790"]
[PlyCount "59"]
[EventDate "2018.??.??"]
[WhiteTeam "SC Fehrbach"]
[BlackTeam "SG Reil-Kinheim"]

1. e4 e6 2. d4 d5 3. Nc3 dxe4 4. Nxe4 Be7 5. Nf3 Nf6 6. Bd3 Nbd7 7. O-O Nxe4 8.
Bxe4 Nf6 9. Bd3 O-O 10. Bf4 b6 11. Re1 Bb7 12. c3 c5 13. dxc5 Bxc5 14. Qe2 h6
15. Rad1 Qe8 16. Ne5 Rd8 17. Bb5 Qe7 18. Nc6 Bxc6 19. Bxc6 Rxd1 20. Rxd1 Rd8
21. Rxd8+ Qxd8 22. Qd2 Qxd2 23. Bxd2 a5 24. h3 Kf8 25. Kf1 Ke7 26. Ke2 Kd6 27.
Bb7 Nd5 28. a3 e5 29. b4 axb4 30. axb4 1-0

[Event "Sparkassen-Open A"]
[Site "Heusenstamm, Martinsee"]
[Date "2018.11.22"]
[Round "1.92"]
[White "Nickel, Jonas"]
[Black "Azimi, Reza"]
[Result "1/2-1/2"]
[WhiteElo "1788"]
[BlackElo "2028"]
[PlyCount "71"]
[EventDate "2018.??.??"]
[WhiteTeam "SG WÃ¤chtersbach"]
[BlackTeam "MÃ¼nchener SC"]

1. e4 c5 2. d3 d5 3. Nd2 e5 4. Ngf3 Nc6 5. g3 Be6 6. Bg2 f6 7. exd5 Bxd5 8. O-O
Qd7 9. Nb3 O-O-O 10. Be3 b6 11. c3 g5 12. Qe2 Nge7 13. Rfd1 Nf5 14. d4 g4 15.
Nxe5 fxe5 16. dxc5 Nxe3 17. Qxe3 Qe6 18. Rxd5 Rxd5 19. Qe4 Ne7 20. c4 Rd7 21.
Qa8+ Kc7 22. Qxa7+ Kd8 23. Qb8+ Nc8 24. Bb7 Rxb7 25. Qxb7 Bxc5 26. Rd1+ Bd6 27.
c5 bxc5 28. Nxc5 Qe7 29. Qc6 Qe8 30. Rxd6+ Nxd6 31. Qxd6+ Kc8 32. Na6 Kb7 33.
Nc5+ Kc8 34. Na6 Kb7 35. Nc5+ Kc8 36. Na6 1/2-1/2

[Event "Sparkassen-Open A"]
[Site "Heusenstamm, Martinsee"]
[Date "2018.11.22"]
[Round "1.93"]
[White "KÃ¶llner, Aaron Noah"]
[Black "Stuhlmann, Florian"]
[Result "1-0"]
[WhiteElo "2019"]
[BlackElo "1774"]
[PlyCount "107"]
[EventDate "2018.??.??"]
[WhiteTeam "SG Bochum"]
[BlackTeam "SC Lindenholzhausen"]

1. d4 Nf6 2. Bg5 d5 3. e3 c5 4. c3 Nc6 5. Nd2 e6 6. f4 Be7 7. Bd3 h6 8. Bh4 a6
9. Ngf3 b5 10. Ne5 Qb6 11. Bxf6 Bxf6 12. Ndf3 a5 13. O-O Ba6 14. a3 b4 15. axb4
Bxd3 16. Qxd3 c4 17. Qc2 Bxe5 18. Nxe5 Nxe5 19. fxe5 O-O 20. Ra4 axb4 21. Rxb4
Qc6 22. b3 cxb3 23. Qxb3 Ra7 24. Rc1 Qa6 25. c4 dxc4 26. Rbxc4 Rb7 27. Qc2 Ra7
28. Rc8 Rxc8 29. Qxc8+ Qxc8 30. Rxc8+ Kh7 31. Kf2 Kg6 32. Kf3 Ra1 33. Rc3 Kg5
34. Rd3 Rf1+ 35. Ke2 Rg1 36. Kf2 Ra1 37. h3 Kf5 38. Rc3 Ra2+ 39. Kf3 Ra1 40.
e4+ Kg5 41. Rd3 Rf1+ 42. Ke2 Rf4 43. Rg3+ Kh5 44. Ke3 g5 45. Rf3 Rh4 46. Rxf7
g4 47. hxg4+ Rxg4 48. Kf3 Rg8 49. Rf6 Re8 50. Kf4 Rg8 51. g3 Rg4+ 52. Kf3 Kg5
53. Rg6+ Kh5 54. Rxh6+ 1-0

[Event "Sparkassen-Open A"]
[Site "Heusenstamm, Martinsee"]
[Date "2018.11.22"]
[Round "1.94"]
[White "Midanka, Vladimir Josef"]
[Black "Paeslack, Luis"]
[Result "0-1"]
[WhiteElo "1771"]
[BlackElo "2044"]
[PlyCount "82"]
[EventDate "2018.??.??"]
[WhiteTeam "SC Brett vorm Kopp"]
[BlackTeam "TV-GroÃŸostheim"]

1. d4 Nf6 2. Nf3 c5 3. d5 g6 4. c4 d6 5. Nc3 Bg7 6. g3 O-O 7. Bg2 e6 8. O-O
exd5 9. cxd5 Re8 10. Re1 Bf5 11. Nd2 Qc7 12. e4 Bd7 13. a4 Ng4 14. Nc4 Ne5 15.
Nxe5 Bxe5 16. f4 Bg7 17. Qf3 Na6 18. Re2 Nb4 19. h3 c4 20. g4 Nd3 21. Qf1 Qa5
22. Rc2 b5 23. e5 dxe5 24. fxe5 Qb6+ 25. Kh1 Rxe5 26. Bf4 Nxf4 27. Qxf4 Rae8
28. Rf1 f5 29. g5 b4 30. Nb5 a6 31. Nd4 Re4 32. Bxe4 Rxe4 33. Qc1 Qxd4 34. Rd1
Qc5 35. b3 c3 36. Rd3 Bd4 37. Rg2 Qxd5 38. Qd1 Bc6 39. Rf3 Qe5 40. Rf1 Re2 41.
Rfg1 Bxg2+ 0-1

[Event "Sparkassen-Open A"]
[Site "Heusenstamm, Martinsee"]
[Date "2018.11.22"]
[Round "1.95"]
[White "Seickel, Ralf"]
[Black "Blank, Stefan"]
[Result "0-1"]
[WhiteElo "2044"]
[BlackElo "1768"]
[PlyCount "90"]
[EventDate "2018.??.??"]
[WhiteTeam "vereinslos"]
[BlackTeam "SC Sulzbach"]

1. c4 Nf6 2. g3 g6 3. Bg2 Bg7 4. d4 O-O 5. Nf3 c5 6. Nc3 cxd4 7. Nxd4 Nc6 8.
O-O Nxd4 9. Qxd4 d6 10. Qd3 Rb8 11. h3 Bd7 12. Bd2 Qc8 13. Kh2 a6 14. Rac1 Bc6
15. Nd5 Qd8 16. e4 Nd7 17. b3 Nc5 18. Qe3 e5 19. f4 Bxd5 20. cxd5 exf4 21. gxf4
Re8 22. Rfe1 b6 23. Qf3 Qh4 24. b4 Na4 25. Rc6 Qe7 26. Rec1 b5 27. Rxa6 Nb6 28.
Be3 Nc4 29. a4 Nxe3 30. Qxe3 bxa4 31. Rxa4 Bh6 32. Qf3 Qf6 33. Rf1 Qd4 34. Rb1
Qd2 35. f5 Bf4+ 36. Kh1 Be5 37. b5 Rec8 38. Qd1 Qf4 39. Kg1 Qe3+ 40. Kh1 Qg3
41. Kg1 Rc3 42. b6 Qe3+ 43. Kh1 Rxb6 44. Rxb6 Qxb6 45. Qe1 Qb5 0-1

[Event "Sparkassen-Open A"]
[Site "Heusenstamm, Martinsee"]
[Date "2018.11.22"]
[Round "1.96"]
[White "Krischak, Werner"]
[Black "Benninger, Rudolf"]
[Result "1-0"]
[WhiteElo "1768"]
[BlackElo "2042"]
[PlyCount "87"]
[EventDate "2018.??.??"]
[WhiteTeam "SK Marburg"]
[BlackTeam "SC Heusenstamm"]

1. d4 g6 2. c4 Bg7 3. Nf3 c5 4. e3 Nf6 5. Nc3 O-O 6. Be2 cxd4 7. exd4 d5 8. O-O
Nc6 9. Bf4 b6 10. Qd2 Bb7 11. Rad1 Rc8 12. b3 Na5 13. c5 Ne4 14. Nxe4 dxe4 15.
Ne5 e6 16. b4 Nc6 17. Nxc6 Bxc6 18. b5 Bd5 19. c6 Qe7 20. a4 Rfd8 21. Qb2 f5
22. Be5 Bxe5 23. dxe5 f4 24. f3 e3 25. Ra1 a5 26. Rfd1 Rf8 27. Bd3 Rcd8 28. Qc2
Qc7 29. Qc3 g5 30. Be2 Rf5 31. g4 fxg3 32. hxg3 Qxe5 33. Qxe5 Rxe5 34. Ra3 Rf8
35. Rdd3 Bxf3 36. Rxe3 Rxe3 37. Rxe3 Bxe2 38. Rxe2 Re8 39. Rd2 Kf7 40. Rd7+ Kf6
41. Rb7 e5 42. Rxb6 Kf5 43. c7 Rc8 44. Rc6 1-0

[Event "Sparkassen-Open A"]
[Site "Heusenstamm, Martinsee"]
[Date "2018.11.22"]
[Round "1.97"]
[White "Von Auer, Ulrich"]
[Black "Riemann, Jonas"]
[Result "1-0"]
[WhiteElo "2042"]
[BlackElo "1761"]
[PlyCount "81"]
[EventDate "2018.??.??"]
[WhiteTeam "SF Frankfurt"]
[BlackTeam "SK Bickenbach"]

1. Nf3 Nf6 2. c4 e6 3. g3 d5 4. d4 Be7 5. Bg2 O-O 6. O-O b6 7. cxd5 exd5 8. Nc3
Bb7 9. Ne5 Nbd7 10. Qa4 c5 11. Nxd7 Qxd7 12. Qxd7 Nxd7 13. Bxd5 Bxd5 14. Nxd5
Bd6 15. Be3 Rfd8 16. Rfd1 Nf6 17. Nxf6+ gxf6 18. dxc5 Bxc5 19. Bxc5 bxc5 20.
Rac1 Rab8 21. Rxd8+ Rxd8 22. Rc2 Rd5 23. Kf1 Rd1+ 24. Kg2 Kg7 25. Kf3 Ra1 26.
a3 Rb1 27. Ke4 Rd1 28. Ke3 Rb1 29. Kd3 Rf1 30. e3 f5 31. Kc4 Kf6 32. Kxc5 Ke5
33. a4 Ke4 34. Rc4+ Ke5 35. Rf4 a5 36. Kb5 Rb1 37. b4 axb4 38. Rxb4 Rf1 39. a5
Rxf2 40. a6 Ra2 41. Kb6 1-0

[Event "Sparkassen-Open A"]
[Site "Heusenstamm, Martinsee"]
[Date "2018.11.22"]
[Round "1.98"]
[White "Rabiya, Karim"]
[Black "Huschens, Matthias"]
[Result "0-1"]
[WhiteElo "1754"]
[BlackElo "1989"]
[PlyCount "115"]
[EventDate "2018.??.??"]
[WhiteTeam "SK Niederbrechen"]
[BlackTeam "SG Kaiserslautern"]

1. e4 d6 2. d4 Nf6 3. c4 Nxe4 4. Bd3 Nf6 5. Nc3 g6 6. Bg5 Bg7 7. Nf3 O-O 8. Qd2
Bg4 9. O-O-O Nc6 10. Be2 a6 11. h3 Bf5 12. d5 Na7 13. Nd4 Bd7 14. Bh6 c5 15.
dxc6 Nxc6 16. Bxg7 Kxg7 17. f4 b5 18. g4 b4 19. g5 bxc3 20. gxf6+ exf6 21. Qxc3
Nxd4 22. Rxd4 Qc7 23. Rhd1 d5 24. cxd5 Qxc3+ 25. bxc3 Bxh3 26. d6 Bd7 27. c4
Rac8 28. Kb2 Rfe8 29. R1d2 Rc5 30. Bd1 h5 31. Kc3 Rec8 32. Bb3 Be6 33. d7 Rd8
34. Kb4 Rc7 35. Ba4 Kf8 36. c5 a5+ 37. Kxa5 Rxc5+ 38. Kb6 Rc3 39. Bc6 Ra3 40.
Kc7 Ke7 41. Ra4 Rc3 42. Rb4 f5 43. Rb5 f6 44. Rb1 Rxd7+ 45. Rxd7+ Bxd7 46. Re1+
Be6 47. a4 Kf7 48. Kb6 Rb3+ 49. Bb5 Bd7 50. Kc5 Bxb5 51. axb5 g5 52. b6 h4 53.
Kc6 g4 54. Ra1 h3 55. Ra7+ Kg6 56. Ra8 h2 57. Rh8 Rh3 58. Rxh3 0-1

[Event "Sparkassen-Open A"]
[Site "Heusenstamm, Martinsee"]
[Date "2018.11.22"]
[Round "1.99"]
[White "Bethke, Robert"]
[Black "Eurich, Jannik"]
[Result "1-0"]
[WhiteElo "2036"]
[BlackElo "1642"]
[PlyCount "157"]
[EventDate "2018.??.??"]
[WhiteTeam "SF Neuberg"]
[BlackTeam "SK Langen"]

1. c4 Nf6 2. Nc3 e6 3. d4 d5 4. Nf3 c6 5. e3 Nbd7 6. Bd3 dxc4 7. Bxc4 b5 8. Bd3
Bb7 9. O-O a6 10. b3 Bb4 11. Bb2 O-O 12. Ne2 c5 13. Ng3 Qe7 14. a3 Ba5 15. a4
bxa4 16. Rxa4 Bb4 17. Ne5 a5 18. Ra1 Rad8 19. Qc2 h6 20. Qe2 cxd4 21. Bxd4 Nc5
22. Bc4 Bd5 23. Bxd5 Rxd5 24. Nc6 Qb7 25. Nxa5 Bxa5 26. Rxa5 Ncd7 27. Rxd5 Qxd5
28. Qb2 Rb8 29. b4 Qb5 30. Rb1 Kf8 31. h3 Kg8 32. f4 Kh7 33. Ne2 Nd5 34. Nc3
Nxc3 35. Qxc3 Nb6 36. Qc7 Nd7 37. Ra1 Rb7 38. Qc2+ f5 39. Rb1 Nb6 40. Qc5 Qd3
41. Ra1 Nd5 42. Ra7 Qb1+ 43. Kh2 Qxb4 44. Qxb4 Rxb4 45. Rxg7+ Kh8 46. Rg6+ Kh7
47. Rxe6 Nxf4 48. Re7+ Kg8 49. Rg7+ Kf8 50. Rh7 Ne6 51. Rxh6 Nxd4 52. exd4 Kg7
53. Rd6 Kf7 54. Kg3 Ke7 55. Rd5 Ke6 56. Rd8 Ke7 57. Rh8 Rxd4 58. Rh6 Kf7 59.
Ra6 Kg7 60. Kf3 Rb4 61. g3 Rc4 62. Rd6 Ra4 63. Ke3 Re4+ 64. Kd3 Ra4 65. Rc6
Ra3+ 66. Rc3 Ra4 67. Ke3 Kg6 68. Rc6+ Kg5 69. h4+ Kh5 70. Rf6 Kg4 71. Rg6+ Kh3
72. h5 Ra3+ 73. Kf4 Ra4+ 74. Kg5 Kxg3 75. h6 Ra8 76. Kxf5+ Kh4 77. h7 Kh5 78.
Rg8 Ra5+ 79. Ke4 1-0

[Event "Sparkassen-Open A"]
[Site "Heusenstamm, Martinsee"]
[Date "2018.11.22"]
[Round "1.100"]
[White "Zeitz, Joachim"]
[Black "Mischke, Gabriel"]
[Result "0-1"]
[WhiteElo "1753"]
[BlackElo "2036"]
[PlyCount "44"]
[EventDate "2018.??.??"]
[WhiteTeam "SC GEMA St.Ingbert"]
[BlackTeam "TSV Schott Mainz"]

1. e4 e6 2. d4 d5 3. exd5 exd5 4. Nf3 Bd6 5. h3 Ne7 6. Bd3 Ng6 7. Bg5 f6 8. Be3
O-O 9. O-O c6 10. c4 Be6 11. c5 Bc7 12. Qc2 f5 13. Ng5 Qf6 14. Nxe6 Qxe6 15.
Nc3 f4 16. Bd2 f3 17. g4 Qf6 18. Rfe1 Qh4 19. Bf1 Nd7 20. Qb3 Nf6 21. g5 Nf4
22. Ne4 Nxh3+ 0-1

[Event "Sparkassen-Open A"]
[Site "Heusenstamm, Martinsee"]
[Date "2018.11.22"]
[Round "1.101"]
[White "Englert, Jon"]
[Black "Schmitt, Clemens"]
[Result "0-1"]
[WhiteElo "2022"]
[BlackElo "1746"]
[PlyCount "128"]
[EventDate "2018.??.??"]
[WhiteTeam "TV-GroÃŸostheim"]
[BlackTeam "SV Bergwinkel"]

1. d4 Nf6 2. c4 g6 3. f3 d5 4. cxd5 Nxd5 5. e4 Nb6 6. Nc3 Bg7 7. Be3 O-O 8. Qd2
Nc6 9. O-O-O Qd6 10. Nb5 Qd7 11. Kb1 a6 12. Nc3 Rd8 13. e5 f6 14. f4 Nb4 15. a3
N4d5 16. Be2 Nxc3+ 17. Qxc3 Qa4 18. Nf3 Bf5+ 19. Ka1 Kh8 20. h3 Nd5 21. Qd2 Qb3
22. Bd3 Be6 23. Kb1 Nxe3 24. Qxe3 c5 25. dxc5 Bc4 26. Nd4 Qa2+ 27. Kc1 fxe5 28.
Bb1 exd4 29. Bxa2 dxe3 30. Bxc4 Rac8 31. Rxd8+ Rxd8 32. Rd1 Bxb2+ 33. Kc2 Rxd1
34. Kxd1 Bxa3 35. c6 bxc6 36. Bxa6 Kg7 37. Ke2 Bc1 38. Kd3 c5 39. Bc4 e2 40.
Kxe2 Bxf4 41. Kf3 Be5 42. Ke4 Kf6 43. Kd5 Bd6 44. Ke4 Kg5 45. Be6 Kh4 46. Kf3
Bc7 47. Bg8 h6 48. Be6 g5 49. Bd5 Be5 50. Ke4 Bf4 51. Kf3 e5 52. Be6 e4+ 53.
Kxe4 Kg3 54. Kf5 Kxg2 55. Kg4 Kf2 56. h4 Ke3 57. Bc4 Kd4 58. Bb5 c4 59. Kf3 c3
60. Ba4 Kd3 61. hxg5 hxg5 62. Kf2 c2 63. Bxc2+ Kxc2 64. Ke2 g4 0-1

[Event "Sparkassen-Open A"]
[Site "Heusenstamm, Martinsee"]
[Date "2018.11.22"]
[Round "1.102"]
[White "Senatov, Boris"]
[Black "BlÃ¼baum, Johanna"]
[Result "1-0"]
[WhiteElo "1735"]
[BlackElo "2027"]
[PlyCount "71"]
[EventDate "2018.??.??"]
[WhiteTeam "SC Heusenstamm"]
[BlackTeam "SK Marburg"]

1. e4 e6 2. d4 d5 3. Nc3 Nf6 4. Bg5 dxe4 5. Nxe4 Be7 6. Nxf6+ Bxf6 7. Bxf6 Qxf6
8. Nf3 Nd7 9. Bd3 O-O 10. O-O c5 11. c3 cxd4 12. Nxd4 e5 13. Nb3 Rd8 14. Re1
Nf8 15. Qe2 Ne6 16. Bc2 Nf4 17. Qxe5 Qxe5 18. Rxe5 Be6 19. Nd4 Bd5 20. Be4 Bxe4
21. Rxe4 Nd3 22. Re2 Re8 23. Rd2 Nc5 24. f3 g6 25. Kf2 Re7 26. Re1 Rae8 27.
Rxe7 Rxe7 28. b3 Kf8 29. Re2 Nd3+ 30. Kf1 Rc7 31. Nb5 Rc5 32. c4 a6 33. Nd6 Rc7
34. Re8+ Kg7 35. Re3 Nc1 36. Ne8+ 1-0

[Event "Sparkassen-Open A"]
[Site "Heusenstamm, Martinsee"]
[Date "2018.11.22"]
[Round "1.103"]
[White "Weiss, Matthias"]
[Black "HÃ¶lÃŸ, Manuel"]
[Result "1-0"]
[WhiteElo "2032"]
[BlackElo "1724"]
[PlyCount "63"]
[EventDate "2018.??.??"]
[WhiteTeam "SF SchÃ¶neck"]
[BlackTeam "SSG Hungen-Lich"]

1. e4 c5 2. Nf3 Nc6 3. c3 d5 4. exd5 Qxd5 5. d4 Bg4 6. Be2 e6 7. O-O Nf6 8. h3
Bh5 9. Be3 c4 10. Nbd2 b5 11. a4 Ne4 12. Nxe4 Qxe4 13. axb5 Ne7 14. Bxc4 Nf5
15. Bd3 Qd5 16. c4 Nxe3 17. fxe3 Bxf3 18. Qxf3 Qxf3 19. gxf3 Bb4 20. Be4 Rd8
21. Bc6+ Ke7 22. Rxa7+ Kf6 23. Kf2 h5 24. c5 e5 25. Ra4 Bxc5 26. dxc5 Rd2+ 27.
Kg1 Rh6 28. Be4 Kg5 29. Rf2 Rd1+ 30. Kh2 f5 31. Rg2+ Kh4 32. Bxf5+ 1-0

[Event "Sparkassen-Open A"]
[Site "Heusenstamm, Martinsee"]
[Date "2018.11.22"]
[Round "1.104"]
[White "Mehl, Ulrich"]
[Black "Leck, Gerrit"]
[Result "1/2-1/2"]
[WhiteElo "1629"]
[BlackElo "1993"]
[PlyCount "54"]
[EventDate "2018.??.??"]
[WhiteTeam "Berkershm"]
[BlackTeam "SV Lahn Limburg"]

1. d4 Nf6 2. c4 e6 3. Bg5 Bb4+ 4. Nc3 h6 5. Bh4 c5 6. Bxf6 Qxf6 7. e3 Nc6 8.
Nf3 O-O 9. Bd3 d6 10. O-O Bxc3 11. bxc3 e5 12. h3 Rb8 13. Bc2 Qe7 14. d5 Na5
15. Nd2 f5 16. Qh5 b6 17. Rae1 Qf7 18. Qxf7+ Kxf7 19. f4 e4 20. Bd1 Ba6 21. Be2
b5 22. cxb5 Bxb5 23. c4 Ba4 24. Nb1 a6 25. Rc1 Kf6 26. g4 g6 27. Kg2 Ke7
1/2-1/2